Les personnages de séries - Statistiques

Statistiques générales
  • Ce quiz a été pris 36 fois
  • Le résultat moyen est 14 sur 109
Statistiques - réponses
Série Personnages % Correct
La Casa de Papel Nairobi
47%
Friends Chandler Bing
44%
Friends Ross Geller
44%
La Casa de Papel Sergio Marquina (le professeur)
44%
Stranger Things Onze
41%
La Casa de Papel Berlin
38%
Friends Monica Geller
38%
Friends Rachel Green
38%
La Casa de Papel Rio
38%
La Casa de Papel Denver
35%
Castle Alexis Castle
32%
Once Upon A Time Mary Margaret Blanchard (Blanche Neige)
32%
Friends Phoebe Buffay
32%
Castle Richard Castle
32%
La Casa de Papel Helsinki
26%
Friends Joey Tribbiani
26%
Once Upon A Time David Nolan (Prince Charmant)
24%
Castle Kate Beckett
24%
Friends Ben Geller
21%
Friends Emma Geller Green
21%
Once Upon A Time Emma Swan
21%
Lost James Ford (Sawyer)
21%
Stranger Things Jim Hopper
21%
Once Upon A Time Killian Jones (Capitaine Crochet)
21%
La Casa de Papel Raquel Murillo (Lisbonne)
21%
Lost Jack Shepard
18%
Lost Kate Austen
18%
Stranger Things Max
18%
Once Upon A Time Regina Mills (Méchante Reine)
18%
Stranger Things Will Byers
18%
Friends Gunther
15%
Once Upon A Time Henry Mills
15%
Lost Hugo Reyes (Hurley)
15%
Lost John Locke
15%
Stranger Things Joyce Byers
15%
Stranger Things Mike Wheeler
15%
La Casa de Papel Moscou
15%
Once Upon A Time Mr. Gold (Rumplestilskin)
15%
Stranger Things Nancy Wheeler
15%
La Casa de Papel Palerme
15%
Lost Alex
12%
Lost Benjamin Linus
12%
Lost Claire Littleton
12%
Stranger Things Dustin Henderson
12%
Friends Janice
12%
Castle Javier Esposito
12%
Lost Juliet Burk
12%
Stranger Things Lucas Sinclair
12%
La Casa de Papel Monica Gaztambide (Stockholm)
12%
Once Upon A Time Robin des bois
12%
Stranger Things Steve Harrington
12%
Stranger Things Vecna
12%
Once Upon A Time Belle French
9%
Stranger Things Billy
9%
La Casa de Papel Bogota
9%
Lost Charlie Pace
9%
Lost Jin-Soo Kwon
9%
Stranger Things Jonathan Byers
9%
Stranger Things Karen Wheeler
9%
Castle Kevin Ryan
9%
Lost Michael Dawson
9%
Once Upon A Time Peter Pan
9%
Castle Roy Montgomery
9%
Lost Sayid Jarrah
9%
Lost Sun-Hwa Kwon
9%
Lost Ana-Lucia Cortez
6%
Once Upon A Time Archie
6%
Lost Bernard Nadler
6%
Lost Boone Carlyle
6%
Lost Desmond Hume
6%
Stranger Things Eddie Munson
6%
Lost Elizabeth Smith (Libby)
6%
Stranger Things Erica Sinclair
6%
Castle Gina Ryan
6%
Castle Jenny Ryan
6%
Friends Julie
6%
Castle Lanie Parish
6%
Lost M. Eko
6%
Friends Mike Hannigan
6%
Lost Miles Straume
6%
Lost Richard Alpert
6%
Lost Rose Henderson
6%
Once Upon A Time Ruby (Petit Chaperon Rouge)
6%
Lost Shannon Rutherford
6%
Once Upon A Time Shérif Graham
6%
Castle Victoria Gates
6%
Lost Walt Lloyd
6%
La Casa de Papel Alicia Sierra
3%
La Casa de Papel Arturo Roman
3%
Lost Charlotte Lewis
3%
Lost Daniel Faraday
3%
Castle Martha Rodgers
3%
Once Upon A Time Neal (Baelfire)
3%
Friends Richard Burke
3%
Stranger Things Robin Buckley
3%
Once Upon A Time Zelena
3%
Stranger Things Argyle
0%
Friends Carol Willick
0%
Stranger Things Chrissy
0%
Friends Emily Walham
0%
Castle Hayley Shipton
0%
Castle Jerry Tyson
0%
Castle Kelly Nieman
0%
Stranger Things Martin Brenner
0%
Stranger Things Murray Bauman
0%
Once Upon A Time Sidney (Le miroir magique)
0%
Friends Sunsan Bunch
0%
La Casa de Papel Tokya
0%
Stranger Things Vickie
0%
Aucun quiz correspondant
Distribution des résultats
% des personnes avec chaque résultat
Percentile par nombre de réponses
Votre historique - résultats
Vous n’avez pas pris ce quiz